000 00460nam a2200133 4500
999 _c9220
_d9220
008 180419b ||||| |||| 00| 0 eng d
082 _aDPer 050 Dec 2015-Mar 2016 T48 v186-187
100 _927521
_aKadlec, Dan.
245 _aYour longevity is good for business/
_cDan Kadlec.
260 _aNew York:
_bTime Inc.,
_c©Dec 2015-Mar 2016.
300 _av187 n9, page 18:
_billustrations;
_c27 cm.
650 0 _927522
_aLongevity
_xEmployment.
942 _2ddc
_cPER